The Cambridge dictionary of statistics / (Record no. 7439)

MARC details
000 -LEADER
fixed length control field 01005nam a22002895a 4500
003 - CONTROL NUMBER IDENTIFIER
control field EG-ScBUE
005 - DATE AND TIME OF LATEST TRANSACTION
control field 20250219101309.0
008 - FIXED-LENGTH DATA ELEMENTS--GENERAL INFORMATION
fixed length control field 171205s2006 enka f d 000 0 eng d
020 ## - INTERNATIONAL STANDARD BOOK NUMBER
International Standard Book Number 9780521690270 (pbk.)
020 ## - INTERNATIONAL STANDARD BOOK NUMBER
International Standard Book Number 0521690277 (pbk.)
040 ## - CATALOGING SOURCE
Original cataloging agency EG-ScBUE
Language of cataloging eng
Description conventions rda
Transcribing agency EG-ScBUE
Modifying agency EG-ScBUE
082 04 - DEWEY DECIMAL CLASSIFICATION NUMBER
Classification number 519.503
Item number EVE
Edition number 22
100 1# - MAIN ENTRY--PERSONAL NAME
Personal name Everitt, B. S.,
Relator term author.
245 14 - TITLE STATEMENT
Title The Cambridge dictionary of statistics /
Statement of responsibility, etc B. S. Everitt, Institute of Psychiatry, King's College London.
246 30 - VARYING FORM OF TITLE
Title proper/short title Statistics
250 ## - EDITION STATEMENT
Edition statement Third edition.
264 #1 - PUBLICATION, DISTRIBUTION, ETC. (IMPRINT)
Place of publication, distribution, etc Cambridge ;
-- New York :
Name of publisher, distributor, etc Cambridge University Press,
Date of publication, distribution, etc 2006.
300 ## - PHYSICAL DESCRIPTION
Extent ix, 432 pages :
Other physical details illustrations ;
Dimensions 26 cm
336 ## - CONTENT TYPE
Source rdacontent
Content type term text
Content type code txt
337 ## - MEDIA TYPE
Media type term unmediated
Source rdamedia
Media type code n
338 ## - CARRIER TYPE
Carrier type term volume
Carrier type code nc
Source rdacarrier
650 #7 - SUBJECT ADDED ENTRY--TOPICAL TERM
Topical term or geographic name as entry element Mathematical statistics
Form subdivision Dictionaries.
Source of heading or term BUEsh
650 #7 - SUBJECT ADDED ENTRY--TOPICAL TERM
Topical term or geographic name as entry element Statistics
Form subdivision Dictionaries.
Source of heading or term BUEsh
653 ## - INDEX TERM--UNCONTROLLED
Resource For college BAEPS, Economics
-- Engineering, General
Arrived date list December2017
655 ## - INDEX TERM--GENRE/FORM
Form subdivision Reading book
942 ## - ADDED ENTRY ELEMENTS (KOHA)
Source of classification or shelving scheme Dewey Decimal Classification
Koha item type NB - Book (Non borrowing)
Holdings
Withdrawn status Lost status Source of classification or shelving scheme Damaged status Not for loan Collection code Home library Current library Shelving location Date acquired Source of acquisition Cost, normal purchase price Total Checkouts Full call number Barcode Date last seen Koha item type
    Dewey Decimal Classification     Alahram Central Library Central Library First floor 24/01/2008 Purchase 220.80   519.503 EVE 000008954 15/07/2025 Reference (NB)